000 00924nam a2200253 a 4500
001 BRCA_7811
005 20190320210015.0
008 161013s1965----sp-a######---#000-0#spa-#
041 _aspa
044 _asp
050 4 _aNA5811.S2
_b.C66 1965
100 1 _aContreras y López de Ayala, Juan de
_cMarqués de Lozoya
_d1893-1978
_918530
245 1 0 _aSantiago de Compostela
_bla Catedral : historia, arquitectura, arte, devoción, peregrinaciones
_cpor el Marqués de Lozoya ; fotografías García Garrabella y Cia.
260 _aBarcelona
_bCobas
_c1965
300 _axxxii p.
_bil. (algunas a color), 120 láminas, mapas
_c34 cm.
500 _aX97
546 _aTexto en : español, francés e inglés
650 1 4 _aArquitectura religiosa
_zEspaña
_97863
650 1 4 _aCatedrales
_97862
650 1 4 _aVestiduras eclesiásticas
_99322
651 4 _aSantiago, España. Catedral
_919349
902 _aGFM
942 _2lcc
_cB
999 _c7485
_d7485